nourriture asiatique par images 🥢 - Statistiques

Statistiques générales
  • Ce quiz a Ă©tĂ© pris 225 fois
  • Le rĂ©sultat moyen est 10 sur 16
Statistiques - réponses
Par images Réponse % Correct
sushi
99%
litchi
89%
mochi
88%
nems
85%
ramen
85%
bubble tea
80%
onigiri
69%
gyoza
68%
durian
65%
tempura
61%
kimchi
53%
bao
45%
yakitori
33%
bibimbap
27%
nougat chinois
5%
riz gluant mangue
3%
Aucun quiz correspondant
Distribution des résultats
% des personnes avec chaque résultat
Percentile par nombre de réponses
Votre historique - résultats
Vous n’avez pas pris ce quiz